5HLuxD.jpg

KING HENRY VIII SENIOR AND PRIMARY SCHOOL LIBRARY OPAC

Harry Potter and the half-blood prince / (Record no. 3834)

000 -LEADER
fixed length control field 01983cam a2200469Ma 4500
001 - CONTROL NUMBER
control field .b16010565
003 - CONTROL NUMBER IDENTIFIER
control field OSt
005 - DATE AND TIME OF LATEST TRANSACTION
control field 20241106112410.0
008 - FIXED-LENGTH DATA ELEMENTS--GENERAL INFORMATION
fixed length control field 191118s2000 bcca 000 0 eng d
020 ## - INTERNATIONAL STANDARD BOOK NUMBER
International Standard Book Number 9781408855706
Qualifying information (pbk.) :
035 ## - SYSTEM CONTROL NUMBER
System control number (OCoLC)286408452
040 ## - CATALOGING SOURCE
Original cataloging agency AEC
Language of cataloging eng
Transcribing agency GPRCL
Modifying agency OCLCQ
-- OCLCO
-- OCLCA
-- OCLCQ
-- OCLCO
-- NZASP
-- OCLCO
-- NZHPC
-- OCLCF
-- OCLCO
-- TWWZU
-- KH8
041 0# - LANGUAGE CODE
Language code of text/sound track or separate title eng
042 ## - AUTHENTICATION CODE
Authentication code nbic
082 ## - DEWEY DECIMAL CLASSIFICATION NUMBER
Classification number FIC ROW
100 1# - MAIN ENTRY--PERSONAL NAME
Personal name Rowling, J. K.
Relator term author
245 10 - TITLE STATEMENT
Title Harry Potter and the half-blood prince /
Statement of responsibility, etc. J.K. Rowling.
250 ## - EDITION STATEMENT
Edition statement First edition.
260 ## - PUBLICATION, DISTRIBUTION, ETC.
Place of publication, distribution, etc. London :
Name of publisher, distributor, etc. Bloomsbury,
Date of publication, distribution, etc. 2000.
300 ## - PHYSICAL DESCRIPTION
Extent 607 pages :
Other physical details illustrations ;
Dimensions 20 cm.
336 ## - CONTENT TYPE
Content type term text
Content type code txt
Source rdacontent.
337 ## - MEDIA TYPE
Media type term unmediated
Media type code n
Source rdamedia.
338 ## - CARRIER TYPE
Carrier type term volume
Carrier type code nc
Source rdacarrier.
490 1# - SERIES STATEMENT
Series statement Harry Potter ;
Volume/sequential designation 6.
500 ## - GENERAL NOTE
General note Bk. 6.
520 ## - SUMMARY, ETC.
Summary, etc. Sixth-year Hogwarts student Harry Potter gains valuable insights into the boy Voldemort once was, even as his own world is transformed by maturing friendships, schoolwork assistance from an unexpected source, and devastating losses.lay Quidditch and does battle in a deadly duel.
600 10 - SUBJECT ADDED ENTRY--PERSONAL NAME
Personal name Potter, Harry
Titles and other words associated with a name (Fictitious character)
Form subdivision Juvenile fiction.
600 10 - SUBJECT ADDED ENTRY--PERSONAL NAME
Personal name Potter, Harry
Titles and other words associated with a name (Fictitious character)
General subdivision Juvenile fiction.
600 10 - SUBJECT ADDED ENTRY--PERSONAL NAME
Personal name Hogwarts School of Witchcraft and Wizardry (Imaginary place)
Form subdivision Juvenile fiction.
600 17 - SUBJECT ADDED ENTRY--PERSONAL NAME
Personal name Potter, Harry
Titles and other words associated with a name (Fictitious character)
Source of heading or term fast
Authority record control number or standard number (OCoLC)fst01073565.
650 #0 - SUBJECT ADDED ENTRY--TOPICAL TERM
Topical term or geographic name entry element Wizards ;
Form subdivision Juvenile fiction.
650 #0 - SUBJECT ADDED ENTRY--TOPICAL TERM
Topical term or geographic name entry element Magic ;
Form subdivision Juvenile fiction.
650 #7 - SUBJECT ADDED ENTRY--TOPICAL TERM
Topical term or geographic name entry element Magic.
Source of heading or term fast
Authority record control number or standard number (OCoLC)fst01005468.
650 #7 - SUBJECT ADDED ENTRY--TOPICAL TERM
Topical term or geographic name entry element Wizards.
Source of heading or term fast
Authority record control number or standard number (OCoLC)fst01176452.
655 #7 - INDEX TERM--GENRE/FORM
Genre/form data or focus term Fantasy fiction.
Source of term lcgft.
655 #7 - INDEX TERM--GENRE/FORM
Genre/form data or focus term Fantasy fiction.
Source of term fast
Authority record control number or standard number (OCoLC)fst01726607.
655 #7 - INDEX TERM--GENRE/FORM
Genre/form data or focus term Fiction.
Source of term fast
Authority record control number or standard number (OCoLC)fst01423787.
655 #7 - INDEX TERM--GENRE/FORM
Genre/form data or focus term Juvenile works.
Source of term fast
Authority record control number or standard number (OCoLC)fst01411637.
800 1# - SERIES ADDED ENTRY--PERSONAL NAME
Personal name Rowling, J. K.
Title of a work Harry Potter series ;
Volume/sequential designation 6.
830 #0 - SERIES ADDED ENTRY--UNIFORM TITLE
Uniform title Harry Potter ;
Volume/sequential designation 6.
942 ## - ADDED ENTRY ELEMENTS (KOHA)
Source of classification or shelving scheme
Koha item type Books - Fiction
Holdings
Withdrawn status Lost status Source of classification or shelving scheme Damaged status Not for loan Collection code Permanent Location Current Location Shelving location Date acquired Total Checkouts Full call number Barcode Date last seen Date last checked out Price effective from Koha item type
          Fiction KH8 Primary School Library KH8 Primary School Library Fiction 2024-11-06 8 FIC ROW KHPL000004537 2026-03-12 2025-11-25 2024-11-06 Books - Fiction
          Fiction KH8 Primary School Library KH8 Primary School Library Fiction 2024-11-06 10 FIC ROW KHPL000004538 2026-03-16 2026-03-10 2024-11-06 Books - Fiction

Powered By KH8 IT Dept